000 00930nam a2200241 i 4500
001 bg
100 1 _aLITKE, Benedykt
245 1 0 _aBadania układów wymiany ładunku silników dwusuwowych o przepłukaniu wzdłużnym metodą modelowania cieczowego /
_cBenedykt Litke.
260 _aSzczecin :
_bWydaw. Uczelniane PS,
_c1995.
300 _a203, [4] s. :
_brys., wykr. ;
_c24 cm.
490 1 _aPrace Naukowe Politechniki Szczecińskiej. Instytut Oceanotechniki i Okrętownictwa,
_x1231-109X ;
_vnr 4
500 _aNumeracja ser. gł. : nr 519.
504 _aBibliogr. s. 197-203. - Summ., Res.
650 9 _aSilniki spalinowe
_xbadanie
830 0 _aPrace Naukowe Politechniki Szczecińskiej.
_pInstytut Oceanotechniki i Okrętownictwa ;
_vnr 4
020 _a8386359773
040 _cBPK
041 0 _apl
_bende
080 _a621.43
920 _a83-86359-77-3
942 _cKS
008 s pl f |000 0 pol
999 _c31138
_d31138
856 _uhttp://koha.tu.koszalin.pl/cgi-bin/koha/opac-detail.pl?biblionumber=31138
_yKatalog online BPK